LEADER 01008nam a2200265 i 4500 001 000000247334 003 CaOOAMICUS 005 20160105000000.0 008 160105s1997 it u000 u ita u 013 $a226239 020 $a88-06-12748-9 040 $aSeMil$bita 100 1 $aPoincaré, Henri,$d<1854-1912>.$0(OLS)http://semarc/name/10921 245 10$aScienza e metodo /$cJules Henri Poincaré. 260 $aTorino :$bEinaudi,$c1997. 300 $aXVII, 258 p. ;$c21 cm. 490 0 $aBiblioteca Einaudi ;$v25 650 4$aEpistemologia.$0(OLS)http://semarc/subject/312 830 0$aBiblioteca Einaudi ;$v25.$0(OLS)http://semarc/title/5944 850 $aSeMil 852 $aSeMil$W1$xVenegono$y1$m3X I 14$j197680$B197680$CSeMilBibl$Z2$F209041 $81 961 $aLascito: Milani don Felice 996 $6020$a88-06-12748-9$9(OLS)http://semarc/number/256598 996 $6245$aScienza e metodo$9(OLS)http://semarc/title/349253 996 $6260$aTorino :$bEinaudi$9(OLS)http://semarc/publisher/29884 LEADER 01334nam a2200253 i 4500 001 000000126695 003 CaOOAMICUS 005 20060413000000.0 008 060413n it u000 u ita u 013 $a99403 040 $aSeMil$bita 100 1 $aCodagnone, Cristiano.$0(OLS)http://semarc/name/52668 245 10$aQuestione nazionale e migrazioni etniche :$bla Russia e lo spazio post-sovietico /$cCristiano Codagnone ; con prefazione di Alberto Martinelli e un saggio di Marco Lombardi. 300 $a347 p. ;$c22 cm. 500 $aContiene : Bibliografia ; [2] Appendici (p. 220-311). In testa al front. : Fondazione Cariplo per le Iniziative e lo studio sulla Multietnicità. - Fondo Card. C.M. Martini. 650 4$aNazionalismo - Europa orientale.$0(OLS)http://semarc/subject/24782 650 4$aMigrazioni - Comunità degli stati indipendenti.$0(OLS)http://semarc/subject/24783 700 1 $aLombardi, Marco.$0(OLS)http://semarc/name/36558 700 1 $aMartinelli, Alberto,$d<1940- >.$0(OLS)http://semarc/name/45474 850 $aSeMil 852 $aSeMil$W1$xVenegono$y1$m3N II 561$j81052$B81052$CSeMilBibl$Z2$F110712 $81 941 1 $a4 961 $aOmaggio: Martini Card. Carlo Maria 996 $6245$aQuestione nazionale e migrazioni etniche :$bla Russia e lo spazio post-sovietico$9(OLS)http://semarc/title/186857